000 00251nam a2200109Ia 4500
008 190216s9999||||xx |||||||||||||| ||und||
100 _aHarold Robbins
245 0 _aGood Bye Janette
260 _bNew English Library
650 _aEnglish
942 _cBK
999 _c13322
_d13322